Ploegen Eredivisie - Sudden Death - 2024 2025 - Statistieken

Algemene statistieken
  • Deze quiz is 201 keer genomen
  • De gemiddelde score is 11 van 18
Answers on the Grid
Answers color-coded by a green-red scale on the quiz's grid according to % correct below.
Feyenoord
Excelsior
PEC
Fc Dordrecht
Sc Heerenveen
PSV
Heracles
De Graafschap
NAC
Almere City
Roda
FC Groningen
AZ
Go Ahead Eagles
Fc Volendam
RKC
NEC
Sparta
FC Utrecht
VVV
Fortuna Sittard
Willem II
Cambuur
Ajax
FC Twente
Vitesse
 
Antwoordstatistieken
Antwoord % Correct
Feyenoord
96%
PSV
77%
AZ
74%
FC Twente
70%
PEC
68%
Ajax
66%
Sc Heerenveen
66%
Fortuna Sittard
62%
NEC
60%
FC Groningen
58%
FC Utrecht
58%
Go Ahead Eagles
58%
Heracles
57%
Sparta
57%
NAC
55%
RKC
53%
Willem II
53%
Almere City
47%
Geen overeenkomende quizzen gevonden
Scoreverdeling
Procent van Mensen met Elke Score
Percentiel versus Aantal Correcte Antwoorden
Uw Scoregeschiedenis
U heeft deze quiz nog niet genomen